Видеоигры в изометрии - Армагеддон - Statistics

General Stats
  • This quiz has been taken 11 times
  • The average score is 3 of 14
Answers on the Grid
Answers color-coded by a green-red scale on the quiz's grid according to % correct below.
Tyranny
Diablo
Pillars of Eternity
Hogs of War
Alien Shooter
Valheim
They Bleed Pixels
Braid
Fallout
Prey (2006)
Baldur's Gate
The Operative: No One Lives Forever
Magicka
The Neverhood
Darkwood
Shadowrun Returns
Syndicate (2012)
Tunic
The Binding of Isaac
Neverwinter Nights
Pathfinder: Kingmaker
Dune II
Death's Door
Katana Zero
Harbinger
Syndicate (1993)
Prey (2017)
Hotline Miami
The Legend of Zelda
Sacred
 
Answer Stats
Answer % Correct
Diablo
90%
Fallout
40%
Baldur's Gate
30%
Alien Shooter
20%
Death's Door
20%
Magicka
20%
Pillars of Eternity
20%
Tyranny
20%
Harbinger
10%
Pathfinder: Kingmaker
10%
Sacred
10%
Shadowrun Returns
10%
Syndicate (1993)
10%
Tunic
10%
No matching quizzes found
Score Distribution
Percent of People with Each Score
Percentile by Number Answered
Your Score History
You have not taken this quiz